| 000 -LEADER |
| fixed length control field |
02028cam a2200493 a 4500 |
| 001 - CONTROL NUMBER |
| control field |
2126644 |
| 003 - CONTROL NUMBER IDENTIFIER |
| control field |
Nust |
| 005 - DATE AND TIME OF LATEST TRANSACTION |
| control field |
20230304112041.0 |
| 008 - FIXED-LENGTH DATA ELEMENTS--GENERAL INFORMATION |
| fixed length control field |
971022s1998 nyua c 000 1 eng |
| 010 ## - LIBRARY OF CONGRESS CONTROL NUMBER |
| LC control number |
97039059 |
| 020 ## - INTERNATIONAL STANDARD BOOK NUMBER |
| International Standard Book Number |
9781408812846 |
| Terms of availability |
Rs. 556 |
| 038 ## - RECORD CONTENT LICENSOR |
| Staff Name |
Arshad |
| 040 ## - CATALOGING SOURCE |
| Original cataloging agency |
DLC |
| Transcribing agency |
DLC |
| Modifying agency |
DLC |
| -- |
WaU |
| -- |
DLC |
| 042 ## - AUTHENTICATION CODE |
| Authentication code |
lcac |
| 050 00 - LIBRARY OF CONGRESS CALL NUMBER |
| Classification number |
PZ7.R79835 |
| Item number |
Har 1998 |
| 051 ## - LIBRARY OF CONGRESS COPY, ISSUE, OFFPRINT STATEMENT |
| Classification number |
PZ7.R79835 |
| Item number |
Har 1998 Copy 3 |
| Copy information |
In dust jacket. On verso of t.p.: Printed in the U.S.A. 37. |
| 082 00 - DEWEY DECIMAL CLASSIFICATION NUMBER |
| Classification number |
823 |
| Author Mark |
ROW |
| 100 1# - MAIN ENTRY--PERSONAL NAME |
| Personal name |
Rowling, J. K. |
| 9 (RLIN) |
11309 |
| 240 10 - UNIFORM TITLE |
| Uniform title |
Harry Potter and the philosopher's stone |
| 245 10 - TITLE STATEMENT |
| Title |
Harry Potter and the philosopher's stone / |
| Statement of responsibility, etc. |
by J.K. Rowling ; |
| 250 ## - EDITION STATEMENT |
| Edition statement |
1st American ed. |
| 260 ## - PUBLICATION, DISTRIBUTION, ETC. |
| Place of publication, distribution, etc. |
New York : |
| Name of publisher, distributor, etc. |
A.A. Levine Books, |
| Date of publication, distribution, etc. |
1997. |
| 300 ## - PHYSICAL DESCRIPTION |
| Extent |
332 p. : |
| Dimensions |
24 cm. |
| 500 ## - GENERAL NOTE |
| General note |
"Year 1"--Spine. |
| 500 ## - GENERAL NOTE |
| General note |
Sequel: Harry Potter and the Chamber of Secrets. |
| 520 ## - SUMMARY, ETC. |
| Summary, etc. |
Rescued from the outrageous neglect of his aunt and uncle, a young boy with a great destiny proves his worth while attending Hogwarts School for Witchcraft and Wizardry. |
| 600 10 - SUBJECT ADDED ENTRY--PERSONAL NAME |
| Personal name |
Potter, Harry |
| Titles and other words associated with a name |
(Fictitious character) |
| Form subdivision |
Juvenile fiction. |
| 9 (RLIN) |
11310 |
| 650 #0 - SUBJECT ADDED ENTRY--TOPICAL TERM |
| Topical term or geographic name entry element |
Granger, Hermione (Fictitious character) |
| Form subdivision |
Juvenile fiction. |
| 9 (RLIN) |
11311 |
| 650 #0 - SUBJECT ADDED ENTRY--TOPICAL TERM |
| Topical term or geographic name entry element |
Weasley, Ron (Fictitious character) |
| Form subdivision |
Juvenile fiction. |
| 9 (RLIN) |
11312 |
| 650 #0 - SUBJECT ADDED ENTRY--TOPICAL TERM |
| Topical term or geographic name entry element |
Hogwarts School of Witchcraft and Wizardry (Imaginary organization) |
| Form subdivision |
Juvenile fiction. |
| 9 (RLIN) |
11313 |
| 650 #0 - SUBJECT ADDED ENTRY--TOPICAL TERM |
| Topical term or geographic name entry element |
Wizards |
| Form subdivision |
Juvenile fiction. |
| 9 (RLIN) |
11314 |
| 650 #0 - SUBJECT ADDED ENTRY--TOPICAL TERM |
| Topical term or geographic name entry element |
Magic |
| Form subdivision |
Juvenile fiction. |
| 9 (RLIN) |
11064 |
| 650 #0 - SUBJECT ADDED ENTRY--TOPICAL TERM |
| Topical term or geographic name entry element |
Schools |
| Form subdivision |
Juvenile fiction. |
| 9 (RLIN) |
11315 |
| 650 #1 - SUBJECT ADDED ENTRY--TOPICAL TERM |
| Topical term or geographic name entry element |
Wizards |
| Form subdivision |
Fiction. |
| 9 (RLIN) |
11316 |
| 650 #1 - SUBJECT ADDED ENTRY--TOPICAL TERM |
| Topical term or geographic name entry element |
Magic |
| Form subdivision |
Fiction. |
| 9 (RLIN) |
11069 |
| 650 #1 - SUBJECT ADDED ENTRY--TOPICAL TERM |
| Topical term or geographic name entry element |
Schools |
| Form subdivision |
Fiction. |
| 9 (RLIN) |
6715 |
| 651 #0 - SUBJECT ADDED ENTRY--GEOGRAPHIC NAME |
| Geographic name |
England |
| Form subdivision |
Juvenile fiction. |
| 9 (RLIN) |
11317 |
| 651 #1 - SUBJECT ADDED ENTRY--GEOGRAPHIC NAME |
| Geographic name |
England |
| Form subdivision |
Fiction. |
| 9 (RLIN) |
1072 |
| 700 1# - ADDED ENTRY--PERSONAL NAME |
| Personal name |
GrandPré, Mary, |
| Relator term |
ill. |
| 9 (RLIN) |
11318 |
| 906 ## - LOCAL DATA ELEMENT F, LDF (RLIN) |
| a |
7 |
| b |
cbc |
| c |
orignew |
| d |
1 |
| e |
ocip |
| f |
19 |
| g |
y-gencatlg |
| 942 ## - ADDED ENTRY ELEMENTS (KOHA) |
| Source of classification or shelving scheme |
|
| Koha item type |
Book |